00889nam a22002411a 450000100060000000300080000600500170001400800410003102000150007203500190008704000290010604100080013508200220014310000400016524501050020526000370031030000650034750400410041260000380045365000690049165000430056065000440060325710BD-RjUL20211209050921.0140319s1968 enkacfh b 001 0 eng d a0521057779 a(BD-RjUL)25780 aLCbengcLCdLCdBD-RjUL aeng00a320.954bMUS 19681 aMukherjee, S. N.q(Soumyendra Nath)10aSir William Jones :ba study in eighteenth-century British attitudes to India /cby S. N. Mukherjee. aLondon :bCambridge U.P.,c1968. aviii, 199 p. :b3 plates, illus., facsims., 2 ports.c23 cm. aBibliography: p. 179-194. and index.10aJones, William,cSir,d1746-1794. 0aIndiaxStudy and teachingzGreat BritainxHistoryy18th century. 0aIndologistszGreat BritainxBiography. 0aSanskritistszGreat BritainxBiography.